000 01733nam a2200445 i 4500
001 54812
003 KOSZ 005
005 20210318123900.0
008 080408s2008 pl a f f |001 0 pol
015 _aPB 2008/9661
020 _a9788320433296
_z9788320432299
035 _a(OCoLC)749741888
040 _aWA N
_cWA N
_dKOSZ 005/HR
046 _k2008
080 _a004.032.26
080 _a510.22
080 _a(075.8)
100 1 _aŁęski, Jacek
_d(1963- ).
_eAutor
245 1 0 _aSystemy neuronowo-rozmyte /
_cJacek Łęski.
260 _aWarszawa :
_bWydawnictwa Naukowo-Techniczne,
_c2008.
300 _aXXXV, [1], 689 s. :
_bil., err. ;
_c25 cm.
336 _2rdacontent
_aTekst
_btxt
337 _2rdamedia
_aBez urządzenia pośredniczącego
_bn
338 _2rdacarrier
_aWolumin
_bnc
380 _aKsiążki.
380 _aPublikacje dydaktyczne
385 _mPoziom nauczania
_aSzkoły wyższe
388 _a2001-
500 _aNa książce wyłącznie błędnie przypisany ISBN.
504 _aBibliogr. s. 649-677 i przy rozdz. Indeks.
521 8 _aDla studentów uczelni technicznych, kształcących się na kierunkach informatyka, automatyka, robotyka, inżynieria biomedyczna i telekomunikacja, a także dla studentów uniwersytetów, kształcących się na wydziałach informatyki i matematyki.
658 _aInformatyka i technologie informacyjne
658 _aMatematyka
655 4 _aPodręczniki akademickie
650 4 _aSieci neuronowe
650 4 _aZbiór rozmyty
710 2 _aWydawnictwa Naukowo-Techniczne
_4pbl.
856 _uhttp://koha.tu.koszalin.pl/cgi-bin/koha/opac-detail.pl?biblionumber=54812
_yKatalog online BPK
942 _2UKD
_cKS
999 _c54812
_d54812